000 00777nam a22002297a 4500
001 008
003 DO-SdBNP
005 20171109110621.0
007 008
008 150918b20uu sp xxu||||| |||| 00| 0 spa d
020 _a9788495920140
040 _aBPMSU
_bspa
_cBPMSU
092 _a461
_bC149m
100 1 0 _aCalero B., Mercedes
245 _aManual didáctico de ortografía:
_badaptado a las nuevas normas ortográficas de las academias de la lengua española y de América Latina /
_cMercedes Calero B.
260 _aMadrid, España :
_bCooperación editorial
_c[200?]
300 _a206 p. :
_bil. ;
_c21 cm.
650 _aESPAÑOL
_xORTOGRAFÍA
_xENSEÑANZA
910 _aValidado. Control de calidad MFF
942 _2ddc
_cBK
945 _aInventariado extranjero / 2017 VM
999 _c8260
_d8260